Statistics for Mythical Creatures Quiz #2

Click here to take the quiz!

General Stats

  • This quiz has been taken 89,750 times
  • The average score is 12 of 20

Answer Stats

DescriptionCreature% Correct
Flying reptile that breathes fireDragon
99%
Vants to suck your bloodVampire
98%
What Tinkerbell isFairy
95%
Reanimated corpse who needs BRAAAINSZombie
89%
Another name for a sasquatchBigfoot
85%
Immortal being with pointy ears
and archery skills
Elf
84%
Beautiful female creature who
lures men with song
Siren
82%
Winged horse ridden by BellerophonPegasus
79%
Scythe-carrying harbinger of deathGrim Reaper
72%
Egyptian creature with the body of a lion,
wings of a bird, and face of a woman
Sphinx
56%
Talking tree of Middle EarthEnt
49%
Female spirit who seduces men
and saps their life
Succubus
44%
Jewish animated being, made from clayGolem
40%
Impossible to pronounce creature with
tentacled mouth and wings
Cthulhu
33%
Fire-breathing Greek hybrid.
A lion with a goat's head on its back
Chimera
31%
Minor Greek deity associated with
a specific river or other place
Nymph
31%
Imp who sabotages aircraftGremlin
27%
Winged horse with an eagle's headHippogriff
26%
Persian creature with the body of a lion,
tail of a scorpion, and head of a man
Manticore
20%
Huge bird of prey of Arabic lore (3 letters)Roc
19%

Score Distribution

Percentile by Number Answered

Percent of People with Each Score

Your Score History

You have not taken this quiz